| 000 | 00596nam a2200193 a 4500 | ||
|---|---|---|---|
| 003 | BD-DhJNU | ||
| 005 | 20250518053725.0 | ||
| 008 | 250401s1977 ii a b 001 0 eng | ||
| 020 | _a0875811930 | ||
| 040 |
_aBD-DhJNU _bENG _cBD-DhJNU _dBD-DhJNU |
||
| 082 | 0 | 0 |
_a305.8 ROI _223 |
| 100 | 1 | _aRothman, Jack | |
| 245 | 1 | 0 |
_aIssues in race and ethnic relations : _btheory, research, and action / _cJack Rothman |
| 260 |
_aItasca, Ill. : _bF.E. Peacock Publishers, _c1977. |
||
| 300 |
_avi, 366 p. : _bill. ; _c23 cm. |
||
| 504 | _aIncludes index. | ||
| 650 | 0 | _aMinorities - United States | |
| 942 | _cBK | ||
| 999 |
_c1712 _d1712 |
||